| 000 | 00522nam a22001817a 4500 | ||
|---|---|---|---|
| 999 |
_c183747 _d183747 |
||
| 005 | 20220103173922.0 | ||
| 010 | _aENG-130883 | ||
| 020 |
_a978-93-90961-50-4 _c399.00 |
||
| 035 | _aEN-114415 | ||
| 037 | _bDBAD | ||
| 082 | _aN | ||
| 100 | _aGupta, Monica Sudhir | ||
| 245 |
_aDaughter of Luharu: _cMonica Sudhir Gupta |
||
| 260 |
_aNew Delhi _bRenu Kaul Verma _c2022 |
||
| 270 |
_bNew Delhi _e110002 _a2/15, Ansari Road, Daryaganj _minfo@vitastapublishing.com |
||
| 300 |
_a231p _c19cm(pbk) |
||
| 942 |
_2ddc _cEN _hN _mGUP |
||